LEADER 01437nam2 2200313 450 001 000035753 005 20180711125120.0 100 $a20140113d1938----km-y0itaa50------ba 101 0 $aita 102 $aIT 200 1 $aRelazione finale$el'ascesa del contadino italiano nel dopo-guerra$fGiovanni Lorenzoni 210 $aRoma$cIstituto nazionale di economia agraria$d1938 215 $a442 p.$d27 cm. 316 $aIn testa al frontespizio dell'esemplare FVig/T41123: Gioacchino Viggiani 15 luglio 194? 461 1$1001000035751$12001$aInchiesta sulla piccola proprietą coltivatrice formatasi nel dopoguerra$v15 606 1 $aProprietą fondiaria$yItalia$z1931-1943 676 $a338.10945$v(22. ed.)$9Produzione. Agricoltura. Italia 676 $a333.3$v(22. ed.)$9Economia della terra (economia fondiaria). Proprietą privata della terra 700 1$aLorenzoni,$bGiovanni$f<1873-1944>$0446694 801 0$aIT$bUniversitą della Basilicata - B.I.A.$gREICAT$2unimarc 912 $a000035753 996 $aRelazione finale$9102050 997 $aUNIBAS CAT $aSTD093$b01$c20140113$lBAS01$h0943 CAT $aTTM$b30$c20140210$lBAS01$h1429 CAT $aTTM$b30$c20140210$lBAS01$h1431 CAT $aATR$b20$c20180711$lBAS01$h1251 FMT Z30 -1$lBAS01$LBAS01$mBOOK$1BASA2$APolo Tecnico-Scientifico$2FVIG$BFondo Viggiani$3FVig/41123$641123$5T41123$7Collocato presso la Scuola di Agraria$820140113$f35$FStanza riservata LEADER 03629nam 2200661 450 001 9910464655203321 005 20200520144314.0 010 $a1-4384-5247-0 035 $a(CKB)3710000000134247 035 $a(EBL)3408898 035 $a(SSID)ssj0001257812 035 $a(PQKBManifestationID)11671686 035 $a(PQKBTitleCode)TC0001257812 035 $a(PQKBWorkID)11275216 035 $a(PQKB)10125539 035 $a(MiAaPQ)EBC3408898 035 $a(OCoLC)887538182 035 $a(MdBmJHUP)muse31938 035 $a(Au-PeEL)EBL3408898 035 $a(CaPaEBR)ebr10885650 035 $a(OCoLC)883840557 035 $a(EXLCZ)993710000000134247 100 $a20140702h20142014 uy 0 101 0 $aeng 135 $aur|||||||nn|n 181 $ctxt 182 $cc 183 $acr 200 00$aTaking risks $efeminist activism and research in the Americas /$fedited by Julie Shayne ; foreword by Margaret Randall ; Marisela Fleites-Lear [and thirteen others], contributors 210 1$aAlbany, New York :$cState University of New York Press,$d2014. 210 4$d©2014 215 $a1 online resource (385 p.) 225 1 $aSUNY Series, Praxis : Theory in Action 300 $aDescription based upon print version of record. 311 $a1-4384-5245-4 320 $aIncludes bibliographical references at the end of each chapters and index. 327 $aAcknowledgments -- About the cover -- Monument to civilians massacred at Plaza de Mayo / Nora Patrich -- Foreword -- The thing about taking risks / Margaret Randall -- Introduction -- Research, risk, and activism : feminists' stories of social justice / Julie Shayne and Kristy Leissle -- Section onepart one: texts, stories, and activism -- Writing and activism / Carmen Rodri?guez -- Absence in memories : reading stories of survival in Argentina / Mahala Lettvin -- Chilean exiles and their feminist stories / Julie Shayne -- Navigating the Cuban ideological divide : research on the independent libraries movement / Marisela Fleites-Lear -- Section twopart two: performed stories of social justice -- We also built the city of Medelli?n : Deplazadas' family albums as feminist archival activism / Tamera Marko -- Who owns the archive? : community media in contemporary Venezuela / Robin Garcia -- Echoes of injustice : performative activism and the femicide plaguing Ciudad Jua?rez / Christina Mari?n -- Section threepart three: activist stories from the grassroots -- Feminist tensions : race, sex work, and women/s activism in Bahia / Erica Lorraine Williams -- Latina battered immigrants, citizenship and inequalities : reflections on activist research / Roberta Villalo?n -- Rural feminism and revolution in Nicaragua : voices of the Compan?eras / Shelly Grabe -- Conclusion -- Afterword -- Mother's day / Julie Shayne -- About the authorscontributors -- Index. 410 0$aSUNY series, praxis, theory in action. 606 $aFeminism$xHistory$zNorth America 606 $aFeminism$xHistory$zSouth America 606 $aSocial justice$xHistory$zNorth America 606 $aSocial justice$xHistory$zSouth America 608 $aElectronic books. 615 0$aFeminism$xHistory 615 0$aFeminism$xHistory 615 0$aSocial justice$xHistory 615 0$aSocial justice$xHistory 676 $a305.42097 702 $aShayne$b Julie D.$f1966- 702 $aRandall$b Margaret 702 $aFleites-Lear$b Marisela 801 0$bMiAaPQ 801 1$bMiAaPQ 801 2$bMiAaPQ 906 $aBOOK 912 $a9910464655203321 996 $aTaking risks$92446760 997 $aUNINA